[Event "GBR-ch 50+ 106th"]
[Site "Torquay"]
[Date "2019.08.04"]
[Round "7.15"]
[White "Shaw, Meyrick"]
[Black "Clark, Ian C"]
[Result "1-0"]
[WhiteElo "1869"]
[BlackElo "1965"]
[PlyCount "55"]
[EventDate "2019.07.29"]
[EventType "swiss"]
[EventRounds "7"]
[EventCountry "ENG"]
[SourceTitle "EXT 2021"]
[Source "ChessBase"]
[SourceDate "2020.10.23"]
[SourceVersion "1"]
[SourceVersionDate "2020.10.23"]
[SourceQuality "1"]

1. e4 c5 2. Nc3 g6 3. d3 Bg7 4. g3 e6 5. Bg2 Ne7 6. Be3 Qa5 7. Qd2 Nbc6 8. Nge2 0-0 9. 0-0 Rd8 10. Rae1 d5 11. exd5 exd5 12. Bg5 Be6 13. Nf4 Rd6 14. Re2 Bxc3 15. bxc3 Qxa2 16. Rfe1 Qa4 17. Nxe6 Rxe6 18. Rxe6 fxe6 19. Rxe6 Kf7 20. Qe1 Re8 21. Bxd5 Nxd5 22. Rxe8 Qg4 23. Bh6 g5 24. Bxg5 Qd7 25. Re4 Qf5 26. h4 Kg7 27. c4 Nf6 28. Rf4 1-0

[Event "GBR-ch 50+ 106th"]
[Site "Torquay"]
[Date "2019.07.31"]
[Round "3"]
[White "Jackson, Sheila"]
[Black "Clark, Ian C"]
[Result "1/2-1/2"]
[WhiteElo "2063"]
[BlackElo "1965"]
[PlyCount "51"]
[EventDate "2019.07.29"]
[EventType "swiss"]
[EventRounds "7"]
[EventCountry "ENG"]
[SourceTitle "EXT 2020"]
[Source "ChessBase"]
[SourceDate "2019.10.17"]
[SourceVersion "1"]
[SourceVersionDate "2019.10.17"]
[SourceQuality "1"]

1. e4 c5 2. Nf3 d6 3. Bb5+ Bd7 4. Bxd7+ Qxd7 5. 0-0 Nc6 6. c3 Nf6 7. Re1 e6 8. d4 cxd4 9. cxd4 Be7 10. Nc3 Rd8 11. d5 exd5 12. exd5 Ne5 13. Nxe5 dxe5 14. Rxe5 0-0 15. Bg5 h6 16. Bxf6 Bxf6 17. Rh5 g6 18. Rxh6 Bxc3 19. bxc3 Qxd5 20. Qxd5 Rxd5 21. Rh4 Rfd8 22. g3 Rd2 23. Ra4 a6 24. Rb4 R8d7 25. a4 Rc2 26. Ra3 1/2-1/2

[Event "GBR-ch 50+ 106th"]
[Site "Torquay"]
[Date "2019.07.29"]
[Round "1"]
[White "Brooks, Phil J"]
[Black "Clark, Ian C"]
[Result "1/2-1/2"]
[WhiteElo "2193"]
[BlackElo "1965"]
[PlyCount "64"]
[EventDate "2019.07.29"]
[EventType "swiss"]
[EventRounds "7"]
[EventCountry "ENG"]
[SourceTitle "EXT 2020"]
[Source "ChessBase"]
[SourceDate "2019.10.17"]
[SourceVersion "1"]
[SourceVersionDate "2019.10.17"]
[SourceQuality "1"]

1. d4 Nf6 2. Bg5 d5 3. Nd2 Bf5 4. e3 Nbd7 5. Ngf3 e6 6. Be2 Be7 7. c3 0-0 8. h3 Ne4 9. Bxe7 Qxe7 10. Nxe4 Bxe4 11. 0-0 a6 12. Nd2 Bg6 13. f4 Nf6 14. Qb3 b6 15. Rac1 Rfb8 16. c4 Ne4 17. Nxe4 Bxe4 18. Qc3 c5 19. Bf3 Bxf3 20. Rxf3 dxc4 21. Qxc4 cxd4 22. Qxd4 b5 23. Rf2 Rd8 24. Qb6 Qd6 25. Qxd6 Rxd6 26. Re2 Rad8 27. Kf2 g6 28. Rc7 Rd2 29. Rc6 R8d6 30. Rxd6 Rxd6 31. Rc2 Kf8 32. Ke2 Ke7 1/2-1/2

[Event "BCF-chT4S 1819 (4NCL)"]
[Site "England"]
[Date "2018.11.17"]
[Round "1.81"]
[White "Pollack, Oscar"]
[Black "Clark, Ian C"]
[Result "0-1"]
[WhiteElo "2147"]
[BlackElo "1974"]
[PlyCount "78"]
[EventDate "2018.11.17"]
[EventType "team-swiss"]
[EventRounds "11"]
[EventCountry "ENG"]
[SourceTitle "EXT 2021"]
[Source "ChessBase"]
[SourceDate "2020.10.23"]
[SourceVersion "1"]
[SourceVersionDate "2020.10.23"]
[SourceQuality "1"]
[WhiteTeam "Barnet Knights II"]
[BlackTeam "Wessex II"]
[WhiteTeamCountry "ENG"]
[BlackTeamCountry "ENG"]

1. e4 c5 2. Nf3 d6 3. d4 cxd4 4. Nxd4 Nf6 5. Nc3 a6 6. g3 e5 7. Nde2 Be7 8. Bg2 0-0 9. 0-0 Nc6 10. h3 Be6 11. Be3 Rc8 12. f4 b5 13. f5 Bc4 14. a3 Qc7 15. g4 Nd4 16. Nxd4 exd4 17. Qxd4 Bxf1 18. Rxf1 h6 19. Bf3 Qd8 20. Rf2 Nd7 21. Nd5 Bh4 22. Rg2 Ne5 23. Be2 Rc4 24. Qa7 Rxe4 25. Qxa6 Nc4 26. Bc1 Bg5 27. Bxg5 Qxg5 28. Qxb5 Ne3 29. Nxe3 Qxe3+ 30. Kh2 Qf4+ 31. Kg1 Rfe8 32. Qd3 Re3 33. Qd1 Qe5 34. Kf1 Qxb2 35. a4 Qb4 36. c4 Rxh3 37. Qd4 Rh1+ 38. Kf2 Qe1+ 39. Kf3 Rh3+ 0-1

[Event "BCF-ch Atkins op"]
[Site "Coventry"]
[Date "2015.08.02"]
[Round "4"]
[White "Clark, Ian C"]
[Black "Goldrick, Thomas G"]
[Result "1-0"]
[WhiteElo "2021"]
[BlackElo "1855"]
[PlyCount "31"]
[EventDate "2015.07.31"]
[EventType "swiss"]
[EventRounds "5"]
[EventCountry "ENG"]
[SourceTitle "CBM 167 Extra"]
[Source "ChessBase"]
[SourceDate "2015.09.14"]
[SourceVersion "1"]
[SourceVersionDate "2015.09.14"]
[SourceQuality "1"]

1. e4 c5 2. Nf3 e6 3. d4 cxd4 4. Nxd4 Nc6 5. Be3 a6 6. Bd3 Qc7 7. 0-0 Nf6 8. Nd2 d5 9. Nxc6 bxc6 10. c4 dxe4 11. Nxe4 Nxe4 12. Bxe4 Rb8 13. Qf3 c5 14. Bc6+ Bd7 15. Bf4 Bd6 16. Bxd7+ 1-0

[Event "BCF-ch Atkins op"]
[Site "Coventry"]
[Date "2015.08.02"]
[Round "5"]
[White "Wright, Jonathan"]
[Black "Clark, Ian C"]
[Result "1-0"]
[WhiteElo "1899"]
[BlackElo "2021"]
[PlyCount "59"]
[EventDate "2015.07.31"]
[EventType "swiss"]
[EventRounds "5"]
[EventCountry "ENG"]
[SourceTitle "CBM 167 Extra"]
[Source "ChessBase"]
[SourceDate "2015.09.14"]
[SourceVersion "1"]
[SourceVersionDate "2015.09.14"]
[SourceQuality "1"]

1. e4 c5 2. Nc3 e6 3. g3 Nc6 4. Bg2 g6 5. Nge2 Bg7 6. 0-0 Nge7 7. d3 0-0 8. Bg5 d6 9. Qd2 Re8 10. Qf4 a6 11. Bf6 b5 12. Qh4 Rb8 13. f4 Qb6 14. Bxg7 Kxg7 15. e5 d5 16. g4 c4+ 17. Kh1 cxd3 18. Qf6+ Kg8 19. cxd3 b4 20. Nd1 a5 21. Nf2 Ba6 22. Ng3 Qd8 23. f5 exf5 24. gxf5 Rb6 25. Ng4 Nxf5 26. Nxf5 Qxf6 27. Nxf6+ Kf8 28. Nxe8 gxf5 29. Nf6 Bxd3 30. Nd7+ 1-0

[Event "Bournemouth op 4th"]
[Site "Bournemouth"]
[Date "2015.06.19"]
[Round "1"]
[White "Bulmaga, Irina"]
[Black "Clark, Ian C"]
[Result "1-0"]
[WhiteElo "2393"]
[BlackElo "2021"]
[PlyCount "89"]
[EventDate "2015.06.19"]
[EventType "swiss"]
[EventRounds "5"]
[EventCountry "ENG"]
[SourceTitle "CBM 167 Extra"]
[Source "ChessBase"]
[SourceDate "2015.09.14"]
[SourceVersion "1"]
[SourceVersionDate "2015.09.14"]
[SourceQuality "1"]

1. e4 c5 2. Nf3 d6 3. d4 cxd4 4. Nxd4 Nf6 5. Nc3 a6 6. h3 e5 7. Nde2 Be7 8. g4 Nc6 9. Bg2 Be6 10. Be3 Rc8 11. Ng3 g6 12. Nd5 Bxd5 13. exd5 Nb8 14. 0-0 0-0 15. Qd2 Qc7 16. Rfc1 Nbd7 17. c4 Rfd8 18. Bg5 Bf8 19. b4 b6 20. Qe3 Bg7 21. Qa3 Ra8 22. c5 a5 23. c6 Nf8 24. b5 Re8 25. Rd1 h6 26. Be3 N8h7 27. Qc1 g5 28. Nf5 Nf8 29. h4 Nxg4 30. hxg5 Nxe3 31. Qxe3 hxg5 32. Qxg5 Ng6 33. Be4 Qd8 34. Qg4 Qf6 35. Rd3 Ne7 36. Nxe7+ Rxe7 37. Rg3 Qh6 38. Kg2 f6 39. Qf5 Qf4 40. Qh7+ Kf8 41. Rh1 Raa7 42. Qg6 Rf7 43. Bf5 Qb4 44. Be6 f5 45. Rh8+ 1-0

[Event "BCF-chT2d 1415 (4NCL) Demotion pool"]
[Site "England"]
[Date "2015.03.29"]
[Round "8.8"]
[White "Spence, David"]
[Black "Clark, Ian C"]
[Result "1-0"]
[WhiteElo "2230"]
[BlackElo "2037"]
[PlyCount "93"]
[EventDate "2015.03.29"]
[EventType "team-tourn"]
[EventRounds "11"]
[EventCountry "ENG"]
[SourceTitle "EXT 2016"]
[Source "ChessBase"]
[SourceDate "2015.10.08"]
[SourceVersion "1"]
[SourceVersionDate "2015.10.08"]
[SourceQuality "1"]
[WhiteTeam "Anglian Avengers"]
[BlackTeam "Wessex"]
[WhiteTeamCountry "ENG"]
[BlackTeamCountry "ENG"]

1. e4 c5 2. c3 Nf6 3. e5 Nd5 4. d4 e6 5. Nf3 cxd4 6. cxd4 Nc6 7. Bc4 Nb6 8. Bb3 d5 9. 0-0 Be7 10. Nc3 a6 11. Bf4 Nd7 12. Re1 Na5 13. Bc2 b5 14. b3 Bb7 15. Ne2 Rc8 16. Bd3 Nc6 17. a3 b4 18. a4 g5 19. Be3 g4 20. Nd2 Bg5 21. Nf1 Bxe3 22. Nxe3 h5 23. Rf1 Qb6 24. Nc2 Ke7 25. Kh1 Rcg8 26. f4 gxf3 27. Rxf3 Ncxe5 28. dxe5 Nxe5 29. Rf1 d4 30. Nf4 Nxd3 31. Qxd3 e5 32. Rae1 Kd6 33. Ne3 exf4 34. Rxf4 Kc7 35. Rxd4 Kb8 36. Nd5 Bxd5 37. Rxd5 Qf2 38. Qe4 Rh6 39. Red1 Re6 40. Qxb4+ Rb6 41. Rd8+ Rxd8 42. Rxd8+ Kb7 43. Qe7+ Kc6 44. Qd6+ Kb7 45. Rb8+ Ka7 46. Qc7+ Rb7 47. Qxb7# 1-0

[Event "BCF-chT2b 1415 (4NCL)"]
[Site "England"]
[Date "2015.03.28"]
[Round "7.254"]
[White "Clark, Ian C"]
[Black "Davey, Mark"]
[Result "0-1"]
[WhiteElo "2059"]
[BlackElo "2004"]
[PlyCount "58"]
[EventDate "2014.11.15"]
[EventType "team-tourn"]
[EventRounds "7"]
[EventCountry "ENG"]
[SourceTitle "EXT 2016"]
[Source "ChessBase"]
[SourceDate "2015.10.08"]
[SourceVersion "1"]
[SourceVersionDate "2015.10.08"]
[SourceQuality "1"]
[WhiteTeam "Wessex"]
[BlackTeam "Kings Head"]
[WhiteTeamCountry "ENG"]
[BlackTeamCountry "ENG"]

1. e4 c5 2. Nf3 Nc6 3. Nc3 g6 4. Bb5 Bg7 5. Bxc6 bxc6 6. 0-0 d6 7. d3 e5 8. Bg5 Ne7 9. Qe2 Rb8 10. Nd1 0-0 11. c3 Ba6 12. Qd2 f5 13. exf5 gxf5 14. Re1 Qd7 15. d4 cxd4 16. Nxd4 Ng6 17. Nb3 Bc8 18. h4 f4 19. h5 Rf5 20. hxg6 Rxg5 21. gxh7+ Kxh7 22. Nc1 Rxg2+ 23. Kxg2 Qh3+ 24. Kg1 f3 25. Ne3 Bh6 26. Qd3+ Kh8 27. Qxd6 Rb7 28. Qxe5+ Rg7+ 29. Qxg7+ Kxg7 0-1

[Event "London Classic op 6th"]
[Site "London"]
[Date "2014.12.14"]
[Round "8"]
[White "Rygg, Snorre"]
[Black "Clark, Ian C"]
[Result "1/2-1/2"]
[WhiteElo "1865"]
[BlackElo "2053"]
[PlyCount "56"]
[EventDate "2014.12.08"]
[EventType "swiss"]
[EventRounds "9"]
[EventCountry "ENG"]
[SourceTitle "CBM 163 Extra"]
[Source "ChessBase"]
[SourceDate "2014.12.23"]
[SourceVersion "1"]
[SourceVersionDate "2014.12.23"]
[SourceQuality "1"]

1. c4 e6 2. d4 d5 3. Nc3 Nf6 4. Nf3 Bb4 5. Bd2 0-0 6. e3 Nbd7 7. Bd3 Re8 8. 0-0 b6 9. cxd5 exd5 10. Qb3 Bxc3 11. bxc3 Bb7 12. c4 Qe7 13. Rac1 c5 14. Rfe1 dxc4 15. Bxc4 Ne4 16. Qd3 Rad8 17. Rcd1 Nxd2 18. Qxd2 Bxf3 19. gxf3 Ne5 20. Qe2 Nxc4 21. Qxc4 Qh4 22. e4 cxd4 23. Rxd4 Rc8 24. Qb3 Rc5 25. Rd7 Rg5+ 26. Kh1 Rf8 27. Rg1 Rxg1+ 28. Kxg1 Qg5+ 1/2-1/2

[Event "Jersey op"]
[Site "St Clement Bay"]
[Date "2013.03.10"]
[Round "8"]
[White "Quinn, John M"]
[Black "Clark, Ian C"]
[Result "1/2-1/2"]
[WhiteElo "2122"]
[BlackElo "2046"]
[PlyCount "91"]
[EventDate "2013.03.06"]
[EventType "swiss"]
[EventRounds "9"]
[EventCountry "GCI"]
[SourceTitle "CBM 153 Extra"]
[Source "ChessBase"]
[SourceDate "2013.04.22"]
[SourceVersion "1"]
[SourceVersionDate "2013.04.22"]
[SourceQuality "1"]

1. d4 Nf6 2. c4 c5 3. d5 b5 4. cxb5 a6 5. b6 Qxb6 6. Nc3 d6 7. Nf3 g6 8. e4 Bg7 9. Be2 0-0 10. Nd2 a5 11. a4 Na6 12. Nc4 Qd8 13. 0-0 Nb4 14. Bf4 Ba6 15. Na3 Nxe4 16. Nxe4 Bxb2 17. Bh6 Bxe2 18. Qxe2 Bxa1 19. Rxa1 Re8 20. Rd1 Qd7 21. Nb5 f6 22. Qb2 Qf5 23. Nbxd6 Qh5 24. Qd2 Red8 25. Bf4 g5 26. Bg3 Qg6 27. Qe2 exd6 28. Nxd6 f5 29. Qe5 f4 30. Nf5 Re8 31. Ne7+ Rxe7 32. Qxe7 Nxd5 33. Qb7 Rd8 34. Rxd5 Re8 35. Rd1 Qd3 36. Rf1 fxg3 37. hxg3 Qd4 38. Qb5 Rf8 39. Qxa5 g4 40. Qb6 Qd5 41. Qb5 Qd4 42. Qb6 Qd5 43. Rc1 c4 44. Qc7 Rxf2 45. Qxc4 Rxg2+ 46. Kf1 1/2-1/2

[Event "Jersey op"]
[Site "St Clement Bay"]
[Date "2013.03.09"]
[Round "7"]
[White "Trent, Lawrence"]
[Black "Clark, Ian C"]
[Result "1-0"]
[WhiteElo "2427"]
[BlackElo "2046"]
[PlyCount "83"]
[EventDate "2013.03.06"]
[EventType "swiss"]
[EventRounds "9"]
[EventCountry "GCI"]
[SourceTitle "CBM 153 Extra"]
[Source "ChessBase"]
[SourceDate "2013.04.22"]
[SourceVersion "1"]
[SourceVersionDate "2013.04.22"]
[SourceQuality "1"]

1. e4 c5 2. Nf3 d6 3. Bb5+ Bd7 4. Bxd7+ Qxd7 5. 0-0 Nc6 6. c3 g6 7. d4 cxd4 8. cxd4 Bg7 9. Nc3 e6 10. Re1 Rd8 11. d5 Ne5 12. Nxe5 dxe5 13. Bg5 Bf6 14. Be3 Ne7 15. Qf3 Bg7 16. dxe6 Qxe6 17. Bc5 b6 18. Bxe7 Qxe7 19. Nd5 Qd6 20. Rac1 0-0 21. Rc6 Qd7 22. Rec1 f5 23. Qb3 Kh8 24. Rc7 Qe6 25. Re7 Rc8 26. Rf1 Qd6 27. Qa4 fxe4 28. Rd7 Qe6 29. Ne3 a5 30. Rb7 Rf7 31. Rxf7 Qxf7 32. b3 Rd8 33. Qxe4 Rd2 34. Nc4 Rxa2 35. Nxe5 Qe8 36. Nxg6+ Qxg6 37. Qa8+ Bf8 38. Qxf8+ Qg8 39. Qf6+ Qg7 40. Qd8+ Qg8 41. Qf6+ Qg7 42. Qxb6 1-0

[Event "Jersey op"]
[Site "St Clement Bay"]
[Date "2013.03.07"]
[Round "3"]
[White "Clark, Ian C"]
[Black "Stone, Andrew M"]
[Result "1/2-1/2"]
[WhiteElo "2046"]
[BlackElo "2196"]
[PlyCount "171"]
[EventDate "2013.03.06"]
[EventType "swiss"]
[EventRounds "9"]
[EventCountry "GCI"]
[SourceTitle "CBM 153 Extra"]
[Source "ChessBase"]
[SourceDate "2013.04.22"]
[SourceVersion "1"]
[SourceVersionDate "2013.04.22"]
[SourceQuality "1"]

1. e4 e6 2. d4 d5 3. Nc3 Nf6 4. Bg5 Be7 5. e5 Nfd7 6. h4 Nc6 7. Nf3 f6 8. exf6 Nxf6 9. a3 0-0 10. Bd3 Qe8 11. Qd2 a6 12. Bf4 Bd8 13. 0-0-0 b5 14. Rde1 b4 15. axb4 Nxb4 16. Be5 Nxd3+ 17. Qxd3 Ng4 18. Ng5 Qh5 19. Bg3 Nxf2 20. Bxf2 Rxf2 21. Qg3 Bxg5+ 22. hxg5 Qf7 23. g6 hxg6 24. Qh3 Qf5 25. Qh7+ Kf7 26. Ne2 Bd7 27. g4 Qxg4 28. Rhf1 Qf5 29. Qh1 Rh8 30. Qg1 Rhh2 31. Rxf2 Rxf2 32. Qg3 c6 33. Qd6 Be8 34. Qc7+ Kf8 35. Qc8 Rf1 36. Rxf1 Qxf1+ 37. Kd2 Qf6 38. Qxa6 g5 39. Qa3+ Kg8 40. Qa8 Qf7 41. Qb8 Kh7 42. Qd8 Kg6 43. Qd6 Qf6 44. Qb8 Qe7 45. Qg3 Kf7 46. Qh2 Kg8 47. Qb8 Kf8 48. Ng3 Qf6 49. Ne2 Qg6 50. Qd6+ Kg8 51. Qe5 Kh7 52. Qb8 Qf7 53. Qe5 Qf5 54. Qh2+ Kg6 55. Qb8 Qf7 56. Qe5 Qf6 57. Qb8 Qe7 58. c3 Bf7 59. Qg3 Qf6 60. Qc7 Be8 61. Qb8 Kf7 62. Qc7+ Kf8 63. Qb8 Qf5 64. Qd6+ Kg8 65. Qd8 Qg6 66. Qb8 Kh7 67. Qd8 Bf7 68. Qc7 Be8 69. Qb8 g4 70. Nf4 Qh6 71. Kc2 Bg6+ 72. Kb3 g3 73. Nxe6 Bc2+ 74. Kxc2 Qxe6 75. Qxg3 Qg6+ 76. Qd3 Qxd3+ 77. Kxd3 Kg6 78. b3 Kf5 79. Ke3 g5 80. c4 dxc4 81. bxc4 g4 82. d5 cxd5 83. cxd5 Ke5 84. d6 Kxd6 85. Kf4 g3 86. Kxg3 1/2-1/2

[Event "Hinckley e2e4 op"]
[Site "Hinckley Island"]
[Date "2012.08.25"]
[Round "3"]
[White "Clark, Ian C"]
[Black "Stewart, Ashley"]
[Result "0-1"]
[WhiteElo "2050"]
[BlackElo "2013"]
[PlyCount "142"]
[EventDate "2012.08.24"]
[EventType "swiss"]
[EventRounds "7"]
[EventCountry "ENG"]
[SourceTitle "CBM 150 Extra"]
[Source "ChessBase"]
[SourceDate "2012.10.19"]
[SourceVersion "1"]
[SourceVersionDate "2012.10.19"]
[SourceQuality "1"]

1. e4 c5 2. Nf3 d6 3. d4 cxd4 4. Nxd4 Nf6 5. Nc3 g6 6. Be3 Bg7 7. Be2 Nc6 8. 0-0 0-0 9. Qd2 Bd7 10. Rad1 a6 11. f4 Qc7 12. f5 b5 13. fxg6 hxg6 14. Bf3 Ne5 15. Bg5 Nc4 16. Qc1 Qa7 17. Kh1 Nh7 18. Nde2 Nxg5 19. Qxg5 Bf6 20. Qc1 Ne3 21. e5 Bxe5 22. Bxa8 Nxd1 23. Rxd1 Rxa8 24. Qg5 Bf6 25. Qg3 Bc6 26. Nf4 Be5 27. Qg4 Qb7 28. Nce2 Be4 29. c3 Bf5 30. Qg3 Qe4 31. Qf3 Qxf3 32. gxf3 Rc8 33. Nd5 Kf8 34. Kg2 Be6 35. f4 Bg7 36. a3 Rc5 37. Ne3 Bb3 38. Rd2 Bc4 39. Ng3 f5 40. Kf3 Kf7 41. Ne2 Bxe2+ 42. Kxe2 Rc8 43. Kf3 Rh8 44. Kg3 Rb8 45. Nc2 a5 46. Kf3 Bf6 47. Ne3 b4 48. axb4 axb4 49. c4 Ra8 50. Nd5 Ra7 51. Nxf6 Kxf6 52. Ke3 Ra1 53. Kd3 Rf1 54. Ke3 Re1+ 55. Kd3 Re4 56. Rf2 e5 57. fxe5+ Kxe5 58. b3 Rh4 59. Rg2 Kf6 60. Kc2 g5 61. Rd2 Ke6 62. Re2+ Kf6 63. Rd2 Ke5 64. Re2+ Re4 65. Rd2 Rd4 66. Re2+ Kf4 67. Rf2+ Kg4 68. Rg2+ Kh4 69. Re2 f4 70. Re8 Kh3 71. Re2 g4 0-1

[Event "Bournemouth op"]
[Site "Bournemouth"]
[Date "2012.04.21"]
[Round "2"]
[White "Brown, Martin"]
[Black "Clark, Ian C"]
[Result "0-1"]
[WhiteElo "2183"]
[BlackElo "2086"]
[PlyCount "90"]
[EventDate "2012.04.20"]
[EventType "swiss"]
[EventRounds "5"]
[EventCountry "ENG"]
[SourceTitle "CBM 148 Extra"]
[Source "ChessBase"]
[SourceDate "2012.06.22"]
[SourceVersion "1"]
[SourceVersionDate "2012.06.22"]
[SourceQuality "1"]

1. e4 c5 2. Nf3 d6 3. d4 cxd4 4. Nxd4 Nf6 5. Nc3 a6 6. Be2 e5 7. Nb3 Be6 8. 0-0 Nbd7 9. Re1 Rc8 10. a4 Be7 11. a5 Qc7 12. Bf3 0-0 13. Be3 Rfd8 14. Nc1 b5 15. Nd3 Qc4 16. Bd2 Kf8 17. b3 Qc7 18. Nb4 Qb7 19. Ncd5 Nc5 20. c4 bxc4 21. bxc4 Rb8 22. Rb1 Re8 23. Bc3 Rec8 24. Rb2 Qd7 25. Nb6 Rxb6 26. axb6 Na4 27. Rc2 Rxc4 28. Bd2 Nxb6 29. Rxc4 Bxc4 30. Be2 Qb5 31. Bxc4 Nxc4 32. Bc3 a5 33. Nd5 Nxd5 34. exd5 g6 35. Qd3 Qc5 36. Rc1 Bg5 37. Rb1 Kg7 38. Be1 Na3 39. Ra1 Nb5 40. Rxa5 Qc1 41. Qe2 Nd4 42. Qf1 Bd2 43. Ra6 Bxe1 44. Rxd6 Nf5 45. Ra6 Bxf2+ 0-1

[Event "Bournemouth op"]
[Site "Bournemouth"]
[Date "2012.04.21"]
[Round "3"]
[White "Clark, Ian C"]
[Black "Radovanovic, Jovica"]
[Result "0-1"]
[WhiteElo "2086"]
[BlackElo "2296"]
[PlyCount "138"]
[EventDate "2012.04.20"]
[EventType "swiss"]
[EventRounds "5"]
[EventCountry "ENG"]
[SourceTitle "CBM 148 Extra"]
[Source "ChessBase"]
[SourceDate "2012.06.22"]
[SourceVersion "1"]
[SourceVersionDate "2012.06.22"]
[SourceQuality "1"]

1. e4 c5 2. Nf3 Nc6 3. d4 cxd4 4. Nxd4 Nf6 5. Nc3 d6 6. Be2 g6 7. 0-0 Bg7 8. Be3 0-0 9. Rb1 Bd7 10. Qd2 Rc8 11. Rfe1 Re8 12. Kh1 Ne5 13. f3 a6 14. Bg1 Nc4 15. Bxc4 Rxc4 16. Nce2 b5 17. c3 Qb8 18. Nc2 Rcc8 19. Rbd1 Qb7 20. Be3 Be6 21. Ncd4 Bc4 22. b3 Bxe2 23. Nxe2 Qc7 24. Bd4 Qb7 25. Be3 Rc7 26. Bg5 Nd7 27. Rc1 Ne5 28. Red1 Rec8 29. h3 Rd7 30. Bf4 Rcd8 31. Qe3 h5 32. Rd2 Rc8 33. Rcd1 Rdc7 34. Rc2 Nd7 35. Bg5 Nf8 36. Qd3 Ne6 37. Be3 Nc5 38. Qd2 Nd7 39. Bd4 Nf6 40. Qd3 Rd7 41. Be3 Rcd8 42. Rcd2 Rc8 43. Rc2 Rdc7 44. Bd4 Nd7 45. Bxg7 Kxg7 46. Qd4+ Nf6 47. Rcd2 Rc5 48. Rd3 Kg8 49. Qe3 Re5 50. Qf4 Qb6 51. Qg3 Qa5 52. R3d2 Qb6 53. Rd3 Qc5 54. Rd4 a5 55. Qf4 Kg7 56. Qd2 h4 57. Qe1 Rh8 58. Qd2 Rc8 59. c4 Qb6 60. cxb5 Rxb5 61. Ra4 Rbc5 62. Rc1 Rxc1+ 63. Nxc1 Nh5 64. Ne2 Qf2 65. Kh2 e5 66. Qd1 Ng3 67. Nxg3 hxg3+ 68. Kh1 Rc2 69. Qg1 Qxg1+ 0-1

[Event "BCF-chT3 1112 (4NCL)"]
[Site "England"]
[Date "2012.04.01"]
[Round "8.25"]
[White "Stille, Alexander"]
[Black "Clark, Ian C"]
[Result "1/2-1/2"]
[WhiteElo "2089"]
[BlackElo "2086"]
[PlyCount "69"]
[EventDate "2011.11.12"]
[EventType "team-swiss"]
[EventRounds "11"]
[EventCountry "ENG"]
[SourceTitle "EXT 2013"]
[Source "ChessBase"]
[SourceDate "2012.11.22"]
[SourceVersion "1"]
[SourceVersionDate "2012.11.22"]
[SourceQuality "1"]
[WhiteTeam "AMCA Rhinos"]
[BlackTeam "Wessex"]
[WhiteTeamCountry "ENG"]
[BlackTeamCountry "ENG"]

1. d4 d5 2. c4 e6 3. Nc3 Nf6 4. g3 Be7 5. Bg2 0-0 6. Nf3 Nbd7 7. 0-0 c6 8. b3 b6 9. Qd3 Ba6 10. e4 dxe4 11. Nxe4 Nxe4 12. Qxe4 Rc8 13. Bb2 Nf6 14. Qc2 Bb7 15. Rfd1 Qc7 16. a4 c5 17. a5 Bxf3 18. Bxf3 cxd4 19. axb6 axb6 20. Bxd4 Rfd8 21. Qc3 Rd7 22. Be5 Qd8 23. Qe1 Bd6 24. Bxd6 Rxd6 25. Qe5 Rd3 26. Be2 Rxd1+ 27. Rxd1 Qe7 28. Qd6 Qxd6 29. Rxd6 Rb8 30. Bf3 Kf8 31. Kf1 Ke7 32. Rd2 Rc8 33. Ke1 Nd7 34. Kd1 Rc7 35. Kc2 1/2-1/2

[Event "Brighton e2e4 Challengers-B"]
[Site "Brighton"]
[Date "2012.02.19"]
[Round "8"]
[White "Clark, Ian C"]
[Black "Kourtseva, Julie"]
[Result "1/2-1/2"]
[WhiteElo "2086"]
[BlackElo "1761"]
[PlyCount "78"]
[EventDate "2012.02.15"]
[EventType "tourn"]
[EventRounds "9"]
[EventCountry "ENG"]
[SourceTitle "EXT 2014"]
[Source "ChessBase"]
[SourceDate "2013.11.20"]
[SourceVersion "1"]
[SourceVersionDate "2013.11.20"]
[SourceQuality "1"]

1. e4 e6 2. d4 d5 3. Nc3 dxe4 4. Nxe4 Bd7 5. Nf3 Bc6 6. Bd3 Nd7 7. 0-0 Ngf6 8. Qe2 Nxe4 9. Bxe4 Bxe4 10. Qxe4 c6 11. c4 Be7 12. Re1 0-0 13. Bd2 Re8 14. Rad1 Bf6 15. Bc3 Qc7 16. Re3 c5 17. d5 Bxc3 18. Rxc3 exd5 19. Qxd5 Nf6 20. Qf5 Rad8 21. Rcd3 Rxd3 22. Qxd3 Kf8 23. g3 Re4 24. Qc2 Qe7 25. Rd2 h6 26. b3 g5 27. h3 Qe6 28. Kg2 g4 29. hxg4 Nxg4 30. Qd3 Nf6 31. Qd8+ Kg7 32. Rd6 Qf5 33. Rd2 Nh5 34. Qd7 Qg6 35. Kh2 Nf6 36. Qxb7 Qg4 37. Nh4 Qg5 38. Nf3 Qg4 39. Nh4 Qg5 1/2-1/2